|
|
|
|
| LEADER |
00000nam0a2200000 4500 |
| 001 |
68953 |
| 005 |
20231031075256.0 |
| 010 |
|
|
|a 593517152X
|
| 035 |
|
|
|a (RuTPU)RU\TPU\book\73422
|
| 090 |
|
|
|a 68953
|
| 100 |
|
|
|a 20041013d2004 km y0rusy50 ca
|
| 101 |
0 |
|
|a rus
|
| 102 |
|
|
|a RU
|
| 105 |
|
|
|a a z 001zy
|
| 200 |
1 |
|
|a LabVIEW для новичков и специалистов
|f Л. И. Пейч, Д. А. Точилин, Б. П. Поллак
|
| 210 |
|
|
|a Москва
|c Горячая линия-Телеком
|d 2004
|
| 215 |
|
|
|a 384 с.
|c ил.
|
| 320 |
|
|
|a Библиогр.: с. 381
|
| 610 |
1 |
|
|a программирование
|
| 610 |
1 |
|
|a языки программирования
|
| 610 |
1 |
|
|a LabVIEW
|
| 610 |
1 |
|
|a возможности
|
| 610 |
1 |
|
|a информация
|
| 610 |
1 |
|
|a графическое отображение
|
| 675 |
|
|
|a 681.3.06:800.92
|v 3
|
| 700 |
|
1 |
|a Пейч
|b Л. И.
|g Лидия Ивановна
|
| 701 |
|
1 |
|a Точилин
|b Д. А.
|g Дмитрий Александрович
|
| 701 |
|
1 |
|a Поллак
|b Б. П.
|g Борис Павлович
|
| 801 |
|
1 |
|a RU
|b 63413507
|c 20041013
|g PSBO
|
| 801 |
|
2 |
|a RU
|b 63413507
|c 20050210
|g PSBO
|
| 942 |
|
|
|c BK
|
| 959 |
|
|
|a 11/20050209
|d 1
|e 267,30
|f НФ:1
|